|
|
|
|
| LEADER |
00000nam2a2200000 4500 |
| 001 |
351076 |
| 005 |
20231102010352.0 |
| 035 |
|
|
|a (RuTPU)RU\TPU\retro\5508
|
| 035 |
|
|
|a RU\TPU\retro\5507
|
| 090 |
|
|
|a 351076
|
| 100 |
|
|
|a 20190321d1927 k y0rusy50 ca
|
| 101 |
0 |
|
|a rus
|a ger
|
| 102 |
|
|
|a RU
|
| 105 |
|
|
|a a z 000zy
|
| 200 |
0 |
|
|a Вып. 4 : Сборник работ лабораторий института
|
| 210 |
|
|
|d 1927
|
| 215 |
|
|
|a 78 с.
|c ил.
|
| 225 |
1 |
|
|a Труды Научно-технического отдела ВСНХ
|v № 181
|
| 320 |
|
|
|a Библиогр. в конце ст.
|
| 327 |
0 |
|
|a Содерж.: А. Раковский. — О стандартах и стандартных методах испытания химических реактивов. II. О стандартах серной, соляной и азотной кислот. А. Раковский. — О стандартах, этилового спирта (ректификата). А. Успенский и А. Чибисов — Исследование комплексных соединений спектрофотометрическим методом и применение этого метода к анализу. Рекшинский. — Получение диметилглиоксима действием азотистой и сернистой кислот на метилацетоуксусный эфир. Н. Путохин. — Реакция между иодом и хлорноватокислым калием в присутствие кислот и получение среднего иодата. М. Путохин. — Получение фенилгидразина.А. Шахов. — Приготовление фосфорно-молибденовокислого натрия.
|
| 461 |
|
1 |
|0 (RuTPU)RU\TPU\retro\5491
|t Труды Института чистых химических реактивов
|f СССР, Высший совет народного хозяйства (ВСНХ), Научно-технический отдел ; Научно-исследовательский институт химических реактивов
|v Вып. 4 : Сборник работ лабораторий института
|d 1924-
|
| 606 |
1 |
|
|a Химические реактивы, чистые
|x Химический анализ
|2 stltpush
|3 (RuTPU)RU\TPU\subj\73373
|9 86405
|
| 610 |
1 |
|
|a углеводороды
|
| 610 |
1 |
|
|a дезинсекция
|
| 610 |
1 |
|
|a серная кислота
|
| 610 |
1 |
|
|a фосфор
|
| 675 |
|
|
|a 543-4
|v 4
|
| 801 |
|
1 |
|a RU
|b 63413507
|c 20170328
|
| 801 |
|
2 |
|a RU
|b 63413507
|c 20190321
|g RCR
|
| 942 |
|
|
|c BK
|